| 000 | 00431cam a2200181ua 4500 | ||
|---|---|---|---|
| 020 | _c4.00 | ||
| 041 |
_amal _h |
||
| 082 |
_a894.8121 _bMAD/KE |
||
| 100 |
_aMadhavan Nair, V . _96035 |
||
| 245 |
_aKerala sangeetham / _cV Madhavan Nair. _hTextual Documents |
||
| 260 |
_aKottayam : _bNational Book Stall , _c1959. |
||
| 300 | _a248 ; . | ||
| 365 | _a4.00 | ||
| 504 | _a | ||
| 942 | _cBK | ||
| 999 |
_c4706 _d4706 |
||
| 003 | |||